000 00435nam a2200181Ia 4500
001 25362
003 IN-NITTTR
005 20251114233322.0
008 251113s9999||||xx |||||||||||||| ||eng||
040 _beng
040 _cIN-NITTTR
041 _aeng
082 _a004 J558C
100 _aJeyapoovan, T.
245 0 _aComputer laboratory manual /
_cJeyapoovan, T., Saxena, Sanjay
700 _a Saxena, Sanjay
942 _2ddc
_cBK
999 _c27991
_d27991